[Event "FRA-chT Top 16 Gp Basse"]
[Site "Le Port Marly"]
[Date "2009.05.29"]
[Round "9"]
[White "Bokias, Iannis"]
[Black "Giffard, Nicolas"]
[Result "0-1"]
[WhiteElo "2046"]
[BlackElo "2377"]
[PlyCount "98"]
[EventDate "2009.05.28"]
[EventType "team-tourn"]
[EventRounds "11"]
[EventCountry "FRA"]
[SourceTitle "CBM 130 Extra"]
[Source "ChessBase"]
[SourceDate "2009.07.02"]
[SourceVersion "2"]
[SourceVersionDate "2009.07.15"]
[SourceQuality "1"]

1. d4 Nf6 2. Nf3 e6 3. Bg5 h6 4. Bh4 Be7 5. e3 b6 6. Bd3 Bb7 7. Nbd2 Nd5 8. Bxe7 Qxe7 9. a3 c5 10. dxc5 bxc5 11. Nc4 Nc7 12. Nfe5 d6 13. Bg6 dxe5 14. Nd6+ Kf8 15. Nxf7 Rg8 16. Nxe5 Nd5 17. Be4 Qc7 18. Qf3+ Ke8 19. Qh5+ Kd8 20. 0-0-0 Kc8 21. Nc4 Rd8 22. Qg4 Qe7 23. Ne5 a5 24. c4 Nf6 25. Bxb7+ Kxb7 26. Qf3+ Ka7 27. Rxd8 Qxd8 28. Nc6+ Nxc6 29. Qxc6 Qb6 30. Qxb6+ Kxb6 31. Rd1 Kc6 32. f3 a4 33. Kc2 Rb8 34. Rd3 Nd7 35. h3 Ne5 36. Rc3 Kd6 37. f4 Nc6 38. b3 axb3+ 39. Rxb3 Rxb3 40. Kxb3 Na5+ 41. Kc3 e5 42. g4 e4 43. h4 Ke6 44. a4 Kf6 45. g5+ Kg6 46. Kd2 Nxc4+ 47. Kc3 Nxe3 48. a5 Nd5+ 49. Kc4 e3 0-1

[Event "FRA-chT Top 16 GpB"]
[Site "France"]
[Date "2006.03.31"]
[Round "5"]
[White "Feller, Sebastien"]
[Black "Bokias, Iannis"]
[Result "1/2-1/2"]
[WhiteElo "2301"]
[BlackElo "2097"]
[PlyCount "185"]
[EventDate "2006.03.03"]
[EventType "team-tourn"]
[EventRounds "7"]
[EventCountry "FRA"]
[SourceTitle "CBM 111 Extra"]
[Source "ChessBase"]
[SourceDate "2006.05.09"]
[SourceVersion "1"]
[SourceVersionDate "2006.05.09"]
[SourceQuality "1"]
[WhiteTeam "Nice"]
[BlackTeam "Antibes"]
[WhiteTeamCountry "FRA"]
[BlackTeamCountry "FRA"]

1. d4 c5 2. d5 e5 3. c4 d6 4. Nc3 Be7 5. Nf3 a6 6. e4 Bg4 7. Be2 Bxf3 8. Bxf3 Bg5 9. Bxg5 Qxg5 10. h4 Qd8 11. g4 Nd7 12. Qd2 Nf8 13. g5 Ng6 14. Ne2 h5 15. 0-0-0 b5 16. Kb1 bxc4 17. Rc1 Rb8 18. Rxc4 Qd7 19. Ng3 Nf4 20. Bd1 Kf8 21. Rc2 Ne7 22. Bf3 Rb4 23. Be2 Qa4 24. Qc3 Nxe2 25. Rxe2 Ng6 26. f3 Qb5 27. Rd2 Nf4 28. Nf5 Qd7 29. Ne3 Rd4 30. Nc2 Rxd2 31. Qxd2 Qb5 32. Ne3 g6 33. Qc2 Ke7 34. Nc4 Rb8 35. Re1 Qb4 36. Re3 a5 37. a3 Qb5 38. Qc3 Kd7 39. Ka1 Ng2 40. Re2 Nf4 41. Rc2 a4 42. Qd2 Qa6 43. Qe3 Qb5 44. Rc3 Ke7 45. Qd2 Qa6 46. Qc2 Qb5 47. Qd1 Qa6 48. Qc2 Qa7 49. Ka2 Qa6 50. Kb1 Rf8 51. Ka2 Ra8 52. Ka1 Qb5 53. Kb1 Ra6 54. Ka2 Qd7 55. Qf2 Qc7 56. Qc2 Kf8 57. Qf2 Kg7 58. Qf1 Ra7 59. Qd1 f6 60. gxf6+ Kxf6 61. Qg1 Ra8 62. Qd1 Kg7 63. Qf1 Kh6 64. Qg1 Qe7 65. Qf2 Ra7 66. Qe1 Ng2 67. Qd2+ Nf4 68. Qe1 Kg7 69. Qf2 Qf6 70. Ka1 Kh7 71. Ka2 Rg7 72. Ne3 Qe7 73. Rc4 Qd7 74. Qc2 Qh3 75. Qd1 Qxh4 76. Rxa4 Qf2 77. Nc4 h4 78. Ra8 Qd4 79. Qc2 h3 80. Nxd6 Nxd5 81. exd5 Qxd5+ 82. Nc4 Qxa8 83. Qf2 g5 84. Qg3 g4 85. fxg4 Qg2 86. Qh4+ Kg8 87. Qd8+ Kh7 88. Qh4+ Kg8 89. Qd8+ Kf7 90. Qd7+ Kg8 91. Qe8+ Kh7 92. Qh5+ Kg8 93. Qe8+ 1/2-1/2

[Event "FRA-chT2 0304a"]
[Site "France"]
[Date "2004.01.17"]
[Round "5.6"]
[White "Cesbron, Guy"]
[Black "Bokias, Iannis"]
[Result "0-1"]
[WhiteElo "2168"]
[BlackElo "2140"]
[PlyCount "72"]
[EventDate "2003.10.??"]
[EventType "team"]
[EventRounds "11"]
[EventCountry "FRA"]
[SourceTitle "EXT 2005"]
[Source "ChessBase"]
[SourceDate "2004.11.15"]
[SourceVersion "1"]
[SourceVersionDate "2004.11.15"]
[SourceQuality "1"]
[WhiteTeam "Toulouse"]
[BlackTeam "Antibes"]
[WhiteTeamCountry "FRA"]
[BlackTeamCountry "FRA"]

1. e4 c6 2. d4 g6 3. Nf3 Bg7 4. c3 d5 5. Nbd2 h5 6. Bd3 dxe4 7. Nxe4 Bf5 8. Qe2 Bxe4 9. Bxe4 Nf6 10. Bc2 Nbd7 11. 0-0 h4 12. Ng5 Nf8 13. Re1 Qd7 14. h3 e6 15. Bf4 Nd5 16. Bh2 0-0-0 17. Ne4 Qe7 18. Bb3 g5 19. Bxd5 Rxd5 20. c4 Rxd4 21. Rad1 Ng6 22. Rxd4 Bxd4 23. Nd6+ Kd8 24. Qd2 e5 25. Nf5 Qd7 26. Qxg5+ Kc8 27. Nxd4 exd4 28. f4 Re8 29. Rd1 d3 30. f5 Qd4+ 31. Kh1 Ne5 32. Qf4 Qxb2 33. f6 Qe2 34. Qf5+ Re6 35. Qf1 Qxf1+ 36. Rxf1 Nxc4 0-1

[Event "FRA-chT2 0304a"]
[Site "France"]
[Date "2003.12.07"]
[Round "4.9"]
[White "Bokias, Iannis"]
[Black "Bramme, Isabelle"]
[Result "1-0"]
[WhiteElo "2006"]
[BlackElo "2098"]
[PlyCount "101"]
[EventDate "2003.10.??"]
[EventType "team"]
[EventRounds "11"]
[EventCountry "FRA"]
[SourceTitle "EXT 2005"]
[Source "ChessBase"]
[SourceDate "2004.11.15"]
[SourceVersion "1"]
[SourceVersionDate "2004.11.15"]
[SourceQuality "1"]
[WhiteTeam "Antibes"]
[BlackTeam "Echiquier Nicois II"]
[WhiteTeamCountry "FRA"]
[BlackTeamCountry "FRA"]

1. d4 Nf6 2. Nf3 e6 3. g3 c5 4. c3 Nc6 5. Bg2 cxd4 6. Nxd4 Qb6 7. 0-0 d5 8. a4 e5 9. Nxc6 bxc6 10. a5 Qc7 11. c4 Bb7 12. Qa4 Rd8 13. a6 Ba8 14. Bg5 Qd7 15. Bxf6 gxf6 16. Nc3 d4 17. Ne4 Be7 18. b4 f5 19. Nc5 Bxc5 20. bxc5 0-0 21. Rab1 Qe6 22. Rb3 Kh8 23. Rfb1 e4 24. Rd1 h5 25. Ra3 f4 26. gxf4 h4 27. f5 Qxf5 28. Qc2 Rg8 29. Kf1 d3 30. exd3 Qg4 31. Bxe4 f5 32. Bxf5 Qxf5 33. Qc3+ Kh7 34. d4 Qg4 35. Qf3 Qg1+ 36. Ke2 Rge8+ 37. Re3 Qg6 38. Rdd3 Rxe3+ 39. fxe3 Rb8 40. Rd2 Rg8 41. Qf4 Qh5+ 42. Kd3 Qg6+ 43. e4 Qh6 44. Rf2 Qh5 45. Qf7+ Qxf7 46. Rxf7+ Rg7 47. Rxg7+ Kxg7 48. Ke3 Kf6 49. Kf4 h3 50. Kg4 Kg6 51. Kxh3 1-0

[Event "FRA-chT2 0304a"]
[Site "France"]
[Date "2003.11.15"]
[Round "2.9"]
[White "Bokias, Iannis"]
[Black "Stambul, Adam"]
[Result "1-0"]
[WhiteElo "2006"]
[BlackElo "2089"]
[PlyCount "63"]
[EventDate "2003.10.??"]
[EventType "team"]
[EventRounds "11"]
[EventCountry "FRA"]
[SourceTitle "EXT 2005"]
[Source "ChessBase"]
[SourceDate "2004.11.15"]
[SourceVersion "1"]
[SourceVersionDate "2004.11.15"]
[SourceQuality "1"]
[WhiteTeam "Antibes"]
[BlackTeam "Marseille EFE"]
[WhiteTeamCountry "FRA"]
[BlackTeamCountry "FRA"]

1. Nf3 d5 2. c4 Nf6 3. d3 c5 4. Nbd2 Nc6 5. a3 e5 6. cxd5 Nxd5 7. g3 Be7 8. Bg2 Be6 9. Nc4 Qc7 10. Ng5 Bxg5 11. Bxg5 f6 12. Bd2 0-0 13. Rc1 Nd4 14. b4 Rac8 15. Ne3 Qd7 16. bxc5 Rc6 17. Nc4 Rfc8 18. e3 Nb5 19. a4 Nbc7 20. d4 exd4 21. exd4 Bg4 22. Qb3 Re6+ 23. Ne3 Nxe3 24. Bxe3 Kh8 25. 0-0 Ree8 26. Qxb7 Rb8 27. Qxa7 Be6 28. d5 Bh3 29. Bxh3 Qxh3 30. Qxc7 Rb4 31. Qc6 Rc8 32. Qe6 1-0